| 000 | 003420000a22001570004500 | ||
|---|---|---|---|
| 001 | 000002 | ||
| 003 | MACL | ||
| 040 | _aMACL | ||
| 090 |
_c2 _d2 |
||
| 100 | _aReddy, Kittu | ||
| 245 |
_aBravest of the Brave _bHeroes Of The Indian Army _cKittu Reddy |
||
| 260 |
_aOceams Books, _c1997 |
||
| 350 | _a150 | ||
| 650 | _aArmy | ||
| 942 |
_k358 _cBook |
||
| 999 |
_c49309 _d49309 |
||